Countries with Metro Systems Quiz Stats

Quiz Updated Jul 13, 2016

Challenge
Share
Tweet
Embed
Score 0/57 Timer 04:00
9 Plays Today
Country % Correct
United States
98.7%
France
96.9%
United Kingdom
96.6%
China
95%
Germany
94.9%
Russia
94.2%
Japan
93.9%
Spain
93.3%
Canada
92.9%
Mexico
92.3%
Italy
92.1%
Brazil
90.4%
Sweden
86.2%
Argentina
84%
Australia
83.7%
Norway
82.9%
Portugal
82.8%
India
82.6%
Finland
79.7%
Poland
77.9%
Switzerland
75.9%
Greece
75.6%
Austria
75.3%
Egypt
75.1%
Netherlands
73.3%
Denmark
73%
Chile
72.7%
South Korea
70.5%
Belgium
70.4%
Country % Correct
Turkey
68.3%
Czechia
63.4%
Peru
62.3%
Iran
61.9%
Ukraine
61.6%
Hungary
61.4%
Colombia
58.3%
Thailand
54.7%
North Korea
54.6%
Israel
54.6%
Saudi Arabia
54.1%
Venezuela
52.8%
Romania
52.8%
United Arab Emirates
43.4%
Singapore
42.5%
Belarus
42.2%
Bulgaria
41.9%
Malaysia
38.4%
Taiwan
38.1%
Kazakhstan
34.3%
Philippines
34.2%
Panama
32.7%
Algeria
25.5%
Georgia
22%
Armenia
17%
Azerbaijan
15.5%
Uzbekistan
13.1%
Dominican Republic
10.7%

You're not logged in!

Compare scores with friends on all Sporcle quizzes.
Join for Free
OR
Log In

You Might Also Like...

Show Comments

Extras

Top Quizzes Today


Score Distribution

Your Account Isn't Verified!

In order to create a playlist on Sporcle, you need to verify the email address you used during registration. Go to your Sporcle Settings to finish the process.

Report this User

Report this user for behavior that violates our Community Guidelines.

Details: